Bremen - Quiz (mit Lösungswort) - Statistiken

Allgemein
  • Dieses Quiz wurde 50 mal gespielt
  • Das Durchschnittsergebnis liegt bei 7 aus 11
Antwortstatistiken
Frage Antwort % Korrekt
In welchem Stadion spielt ^? (7) Weserstadion
98%
Wie heißt der erfolgreichste Fußballverein aus Bremen? (4) Werder Bremen
95%
Welche weltbekannte Biermarke kommt aus Bremen? (5) Beck´s
88%
Welches Gericht, welches mit Pinkel serviert wird, ist eine Bremer Spezialität? (7) Grünkohl
83%
Wie heißt das kleine Gängeviertel in der Innenstadt, welches für die kleinen Gänge und Straßen bekannt ist? (4) Schnoor
73%
Wie wird die Flagge Bremens genannt? (8) Speckflagge
66%
Wie heißt die Weserpromenade in der südlichen Innenstadt? (1) Schlachte
61%
Wie wird das belebte Gebiet in der Östlichen Vorstadt genannt? (5) Viertel
59%
Lösungswort Hansestadt
49%
Welcher ehemalige Bundespräsident kam aus Bremen? (10) Karl Carstens
44%
In welchem Stadtteil befindet sich der älteste, künstlich erbaute Hafen Deutschlands? (6) Vegesack
22%
Keine übereinstimmenden Quizze gefunden
Verteilung der Resultate
Anzahl Personen mit jedem Resultat
Perzentil nach korrekt beantworteten Fragen
Ihre Resultats-Entwicklung
Sie haben dieses Quiz noch nicht gespielt